Inside Hitler's Greece : the experience of occupation, 1941-1944
Saved in:
| Main Author: | |
|---|---|
| Format: | Book |
| Language: | English |
| Published: |
New Haven and London :
Yale University Press,
1993.
|
| Subjects: | |
| Tags: |
Add Tag
No Tags, Be the first to tag this record!
|
MARC
| LEADER | 00000cam a2200000 i 4500 | ||
|---|---|---|---|
| 001 | 1/92468 | ||
| 008 | 940125s1993####xxu 000 | eng|| | ||
| 020 | |a 0300058047 | ||
| 035 | |l 10008482 | ||
| 040 | |a GR-MyUA |b gre |e AACR2 | ||
| 041 | 0 | |a eng | |
| 082 | 0 | |a 938.76 | |
| 100 | 1 | |a Mazower, Mark. | |
| 245 | 1 | 0 | |a Inside Hitler's Greece : |b the experience of occupation, 1941-1944 / |c Mark Mazower. |
| 260 | |a New Haven and London : |b Yale University Press, |c 1993. | ||
| 300 | |a 437 σ. : |b εικ, ; |c 24 εκ. | ||
| 504 | |a Περιέχει βιβλιογραφικές αναφορές και ευρετήριο. | ||
| 650 | 0 | 0 | |a World War, 1939-1945 |z Greece. |
| 651 | 0 | |a Greece |x History |y Occupation, 1941-1944. | |
| 767 | 0 | 8 | |i Μεταφρασμένο ως: |t Στην Ελλάδα του Χίτλερ : |
| 852 | |a INST |b LESVOS |e 19940125 |h 938.76 MAZ |p 005100005289 |q 005100005289 |t BK |y 0 | ||
| 909 | |a Λ |b 033844 | ||